000 00636nam a2200229Ia 4500
005 20250425161234.0
008 250425s9999 xx 000 0 und d
041 _aspa
082 _a543
100 _aSKOOG, DOUGLAS A.
245 0 _aINTRODUCCIÓN A LA QUÍMICA ANALÍTICA
250 _a1A ED.
260 _aArgentina
_bCENTRO REGIONAL DE AYUDA TECNICA
_c1969
260 _aBUENOS AIRES
300 _a589
500 _aTítulo Traducido: ANALYTICAL CHEMISTRY AN INTRODUCTION
650 _aQUIMICA ANALITICA
700 _aENRIQUE CASASSAS SIMÓ
_etraductor
700 _aWEST, DONALD M.
942 _c01
010 _a15859
999 _c205206
_d205206